[Event "SVK-chT2B 2223"]
[Site "Slovakia"]
[Date "2023.03.26"]
[Round "11.7"]
[White "Hritz, Julius"]
[Black "Solovic, Rastislav"]
[Result "0-1"]
[WhiteElo "1780"]
[BlackElo "1845"]
[PlyCount "116"]
[EventDate "2022.10.08"]
[EventType "team-tourn"]
[EventRounds "11"]
[EventCountry "SVK"]
[SourceTitle "EXT 2024"]
[Source "ChessBase"]
[SourceDate "2023.10.10"]
[SourceVersion "1"]
[SourceVersionDate "2023.10.10"]
[SourceQuality "1"]
[WhiteTeam "Surany"]
[BlackTeam "Nemsova Horne Srnie"]
[WhiteTeamCountry "SVK"]
[BlackTeamCountry "SVK"]

1. e4 e5 2. Nf3 Nf6 3. Bc4 Nxe4 4. d3 Nf6 5. Nxe5 d5 6. Qe2 Be7 7. Bb3 0-0 8. 0-0 Nbd7 9. Nxd7 Bxd7 10. d4 Re8 11. Qd1 Bd6 12. h3 c6 13. Nd2 Rc8 14. c3 Bb8 15. Nf3 Bf5 16. Bc2 Be4 17. g3 Qd7 18. Kh2 Re7 19. Ng1 Rce8 20. Bg5 Qf5 21. Bxe4 Rxe4 22. Bxf6 Qxf6 23. Qd2 h5 24. Rae1 h4 25. Rxe4 Rxe4 26. Kg2 Qe7 27. Nf3 hxg3 28. Ne5 gxf2 29. Rxf2 Bxe5 30. dxe5 Rxe5 31. Kh2 Re3 32. Qd4 Qe5+ 33. Qxe5 Rxe5 34. Kg3 g6 35. Kg4 Kf8 36. Rg2 Ke7 37. Kf4 Ke6 38. Rd2 g5+ 39. Kg4 f6 40. Rf2 Re4+ 41. Kg3 Ke5 42. Rd2 f5 43. Rf2 Re3+ 44. Kg2 Ke4 45. Rd2 c5 46. a3 d4 47. cxd4 cxd4 48. Rc2 Rb3 49. Re2+ Kd5 50. Rf2 f4 51. h4 f3+ 52. Kg3 gxh4+ 53. Kxh4 Ke4 54. Kg3 Rb6 55. Rxf3 Rxb2 56. Rf4+ Kd3 57. Rf3+ Kc2 58. Kf4 d3 0-1

[Event "SVK-chT2B 2223"]
[Site "Slovakia"]
[Date "2023.03.25"]
[Round "10.8"]
[White "Galla, Richard"]
[Black "Solovic, Rastislav"]
[Result "1-0"]
[WhiteElo "1653"]
[BlackElo "1845"]
[PlyCount "83"]
[EventDate "2022.10.08"]
[EventType "team-tourn"]
[EventRounds "11"]
[EventCountry "SVK"]
[SourceTitle "EXT 2024"]
[Source "ChessBase"]
[SourceDate "2023.10.10"]
[SourceVersion "1"]
[SourceVersionDate "2023.10.10"]
[SourceQuality "1"]
[WhiteTeam "Nove Zamky"]
[BlackTeam "Nemsova Horne Srnie"]
[WhiteTeamCountry "SVK"]
[BlackTeamCountry "SVK"]

1. d4 d5 2. c4 e6 3. Nf3 Nf6 4. g3 c6 5. Bg2 Ne4 6. 0-0 Be7 7. Nc3 f5 8. a3 0-0 9. c5 Nd7 10. Qc2 b5 11. cxb6 Nxb6 12. Ne5 Bd7 13. Nxe4 dxe4 14. Nxc6 Bxc6 15. Qxc6 Qd5 16. Qxd5 Nxd5 17. Bd2 Rab8 18. b4 Rfc8 19. Rfc1 Bf6 20. e3 Nb6 21. Rxc8+ Rxc8 22. Rc1 Rxc1+ 23. Bxc1 Kf7 24. Kf1 Ke7 25. Ke1 Kd6 26. Kd2 Kd5 27. Bf1 g5 28. Kc2 e5 29. dxe5 Bxe5 30. Kb3 Bf6 31. a4 Ba1 32. Bd2 Nd7 33. Bc4+ Kd6 34. Be2 Nf6 35. Kc4 Nd5 36. a5 a6 37. Kb3 Nc7 38. Bc3 Bxc3 39. Kxc3 Kd5 40. Bc4+ Kc6 41. Kd4 Kd6 42. h3 1-0

[Event "SVK-chT2B 2223"]
[Site "Slovakia"]
[Date "2023.02.11"]
[Round "8.7"]
[White "Solovic, Rastislav"]
[Black "Sedmak, Stanislav"]
[Result "1-0"]
[WhiteElo "1845"]
[BlackElo "1868"]
[PlyCount "139"]
[EventDate "2022.10.08"]
[EventType "team-tourn"]
[EventRounds "11"]
[EventCountry "SVK"]
[SourceTitle "EXT 2024"]
[Source "ChessBase"]
[SourceDate "2023.10.10"]
[SourceVersion "1"]
[SourceVersionDate "2023.10.10"]
[SourceQuality "1"]
[WhiteTeam "Nemsova Horne Srnie"]
[BlackTeam "Topolcany II"]
[WhiteTeamCountry "SVK"]
[BlackTeamCountry "SVK"]

1. e4 e5 2. Nf3 Nc6 3. Bc4 Bc5 4. 0-0 Nf6 5. c3 0-0 6. d4 exd4 7. cxd4 Be7 8. e5 Ne8 9. d5 Na5 10. Bd3 b6 11. Nc3 d6 12. Bf4 dxe5 13. Nxe5 Bd6 14. Bg3 g6 15. Qc2 f5 16. f4 Nf6 17. a3 Kh8 18. b4 Nb7 19. Bh4 Be7 20. Nc6 Qd7 21. Nxe7 Qxe7 22. Rae1 Qf7 23. Bxf6+ Qxf6 24. Nb5 Bd7 25. Qxc7 Bxb5 26. Bxb5 Nd6 27. Ba6 Ne4 28. Qe5 Kg7 29. Rc1 Rfe8 30. Rc7+ Kg8 31. Qxf6 Nxf6 32. Bb7 Rad8 33. Bc6 Re3 34. Rxa7 Rd3 35. g3 Nxd5 36. Bxd5+ R3xd5 37. Re1 R5d7 38. Rxd7 Rxd7 39. Re6 Ra7 40. Rxb6 Rxa3 41. Rb7 Ra2 42. b5 Rb2 43. b6 Kf8 44. Rb8+ Kf7 45. b7 Kg7 46. Kf1 h6 47. Ke1 g5 48. Kd1 gxf4 49. gxf4 h5 50. h4 Rb1+ 51. Kd2 Rb2+ 52. Kd3 Rb3+ 53. Kd4 Rb4+ 54. Ke5 Rb5+ 55. Ke6 Kh7 56. Kf6 Rb6+ 57. Kg5 Kg7 58. Kxh5 Kh7 59. Kg5 Rb5 60. Kf6 Rb6+ 61. Kxf5 Rb5+ 62. Ke6 Kg7 63. f5 Rb6+ 64. Ke7 Rb1 65. f6+ Kh7 66. f7 Re1+ 67. Kd6 Rd1+ 68. Ke5 Re1+ 69. Kd4 Rd1+ 70. Ke3 1-0

[Event "SVK-chT4 A21 2223"]
[Site "Slovakia"]
[Date "2023.01.29"]
[Round "7.1"]
[White "Zlamal, Marek"]
[Black "Solovic, Rastislav"]
[Result "1/2-1/2"]
[WhiteElo "1896"]
[BlackElo "1845"]
[PlyCount "57"]
[EventDate "2022.10.09"]
[EventType "team-tourn"]
[EventRounds "11"]
[EventCountry "SVK"]
[SourceTitle "EXT 2024"]
[Source "ChessBase"]
[SourceDate "2023.10.10"]
[SourceVersion "1"]
[SourceVersionDate "2023.10.10"]
[SourceQuality "1"]
[WhiteTeam "Holic II"]
[BlackTeam "Myjava Spartak"]
[WhiteTeamCountry "SVK"]
[BlackTeamCountry "SVK"]

1. e4 e5 2. Nf3 Nf6 3. Nc3 Nc6 4. Bc4 Nxe4 5. Nxe4 d5 6. Bd3 dxe4 7. Bxe4 Qd6 8. Qe2 Bd7 9. Bxc6 Bxc6 10. Nxe5 Be7 11. Nxc6 Qxc6 12. 0-0 Rd8 13. Qe5 f6 14. Qh5+ g6 15. Qd1 0-0 16. d3 f5 17. Bh6 Rfe8 18. Qd2 Bf6 19. Bg5 Rd6 20. Bxf6 Rxf6 21. Rfe1 Rfe6 22. Rxe6 Rxe6 23. Kf1 Qd6 24. Kg1 Qe7 25. d4 Re2 26. Qd3 Re1+ 27. Rxe1 Qxe1+ 28. Qf1 Qb4 29. Qd3 1/2-1/2

[Event "SVK-chT4 A21 2223"]
[Site "Slovakia"]
[Date "2023.01.15"]
[Round "6.1"]
[White "Solovic, Rastislav"]
[Black "Orvisky, Vladimir"]
[Result "0-1"]
[WhiteElo "1845"]
[BlackElo "1637"]
[PlyCount "60"]
[EventDate "2022.10.09"]
[EventType "team-tourn"]
[EventRounds "11"]
[EventCountry "SVK"]
[SourceTitle "EXT 2024"]
[Source "ChessBase"]
[SourceDate "2023.10.10"]
[SourceVersion "1"]
[SourceVersionDate "2023.10.10"]
[SourceQuality "1"]
[WhiteTeam "Myjava Spartak"]
[BlackTeam "Piestany Kupele III"]
[WhiteTeamCountry "SVK"]
[BlackTeamCountry "SVK"]

1. e4 Nf6 2. Nc3 d5 3. exd5 Nxd5 4. Bc4 c6 5. Qf3 e6 6. Nge2 Be7 7. d4 Nd7 8. 0-0 0-0 9. Nf4 Nxf4 10. Bxf4 Nb6 11. Qd3 Nxc4 12. Qxc4 Bd7 13. Rfd1 Rc8 14. Ne4 Be8 15. b4 Qd5 16. Qe2 b5 17. Nc5 Qf5 18. Bg3 Rd8 19. a4 Ra8 20. c3 a5 21. axb5 cxb5 22. Rxa5 Rxa5 23. bxa5 Bxc5 24. dxc5 Qxc5 25. Bd6 Qxc3 26. Bxf8 Kxf8 27. Qd2 Qc6 28. Qd6+ Qxd6 29. Rxd6 Ke7 30. a6 Kxd6 0-1

[Event "SVK-chT3B2 2122"]
[Site "Slovakia"]
[Date "2022.02.13"]
[Round "4.6"]
[White "Oswald, Jan"]
[Black "Solovic, Rastislav"]
[Result "1/2-1/2"]
[WhiteElo "1584"]
[BlackElo "1812"]
[PlyCount "56"]
[EventDate "2021.10.24"]
[EventType "team-tourn"]
[EventRounds "11"]
[EventCountry "SVK"]
[SourceTitle "EXT 2023"]
[Source "ChessBase"]
[SourceDate "2022.10.05"]
[SourceVersion "1"]
[SourceVersionDate "2022.10.05"]
[SourceQuality "1"]
[WhiteTeam "Handlova"]
[BlackTeam "Nemsova Horne Srnie"]
[WhiteTeamCountry "SVK"]
[BlackTeamCountry "SVK"]

1. e4 e5 2. Nf3 Nf6 3. Nxe5 Qe7 4. Nf3 Qxe4+ 5. Qe2 d5 6. d3 Qxe2+ 7. Bxe2 Bd6 8. h3 0-0 9. 0-0 Re8 10. Re1 Nbd7 11. Nc3 c6 12. a3 h6 13. Nd4 Nf8 14. Bd2 Ng6 15. b4 Bd7 16. Rab1 a6 17. Na4 Re7 18. c4 Rae8 19. Nb6 Be5 20. Nxd7 Bxd4 21. Nxf6+ Bxf6 22. Bg4 Ne5 23. cxd5 cxd5 24. Rbd1 Nxd3 25. Rxe7 Rxe7 26. Bxh6 Ne5 27. Bf4 Nxg4 28. hxg4 Re4 1/2-1/2

[Event "SVK-chT3B2 1920"]
[Site "Slovakia"]
[Date "2020.02.09"]
[Round "8.6"]
[White "Lukac, Jozef1111"]
[Black "Solovic, Rastislav"]
[Result "0-1"]
[WhiteElo "1537"]
[BlackElo "1821"]
[PlyCount "52"]
[EventDate "2019.10.06"]
[EventType "team-tourn"]
[EventRounds "11"]
[EventCountry "SVK"]
[SourceTitle "CBM 195 Extra"]
[Source "ChessBase"]
[SourceDate "2020.05.31"]
[SourceVersion "1"]
[SourceVersionDate "2020.05.31"]
[SourceQuality "1"]
[WhiteTeam "Lehota pod Vtacnikom"]
[BlackTeam "Nemsova Horne Srnie"]
[WhiteTeamCountry "SVK"]
[BlackTeamCountry "SVK"]

1. e4 e5 2. Nf3 Nf6 3. Bc4 Nxe4 4. Nc3 d5 5. Nxd5 Be6 6. Ne3 Qf6 7. c3 Bc5 8. Bxe6 Qxe6 9. Qa4+ Qc6 10. Qb3 Nd7 11. d3 Bxe3 12. Bxe3 Nec5 13. Bxc5 Nxc5 14. Qc2 0-0-0 15. d4 exd4 16. Qf5+ Qe6+ 17. Qxe6+ Nxe6 18. cxd4 Nxd4 19. Nxd4 Rxd4 20. Ke2 Re8+ 21. Kf3 Re6 22. g3 Rd2 23. Rae1 Rf6+ 24. Kg4 Rfxf2 25. Rhf1 Rxf1 26. Rxf1 f6 0-1

[Event "SVK-chT2B 1819"]
[Site "Slovakia"]
[Date "2019.04.06"]
[Round "10.2"]
[White "Barczi, Tibor"]
[Black "Solovic, Rastislav"]
[Result "1-0"]
[WhiteElo "2055"]
[BlackElo "1833"]
[PlyCount "98"]
[EventDate "2018.10.13"]
[EventType "team-tourn"]
[EventRounds "11"]
[EventCountry "SVK"]
[SourceTitle "EXT 2020"]
[Source "ChessBase"]
[SourceDate "2019.10.17"]
[SourceVersion "1"]
[SourceVersionDate "2019.10.17"]
[SourceQuality "1"]
[WhiteTeam "Batorove Kosihy II"]
[BlackTeam "Nemsova Horne Srnie"]
[WhiteTeamCountry "SVK"]
[BlackTeamCountry "SVK"]

1. e4 e5 2. Nc3 Nf6 3. Bc4 Nxe4 4. Qh5 Nd6 5. Bb3 g6 6. Qxe5+ Qe7 7. Qxe7+ Bxe7 8. Nd5 Bd8 9. d3 0-0 10. Bf4 Ne8 11. Nf3 c6 12. Ne3 d5 13. c4 Bf6 14. cxd5 Bxb2 15. Rb1 Bc3+ 16. Kd1 Nd7 17. dxc6 bxc6 18. Rc1 Ba5 19. Rxc6 Bb7 20. Rc2 Rc8 21. Rxc8 Bxc8 22. Nc4 Bc7 23. Bxc7 Nxc7 24. Nd6 Kg7 25. Re1 Kf6 26. Ne4+ Kg7 27. Nd6 Kf6 28. Bxf7 Nc5 29. Bc4 Be6 30. Ne4+ Nxe4 31. Rxe4 Rb8 32. Kc2 Rc8 33. Kd2 Rb8 34. Kc3 Rb1 35. Bxe6 Nxe6 36. Re1 Rb7 37. Ne5 Rc7+ 38. Nc4 Nc5 39. f4 Kf5 40. g3 Kg4 41. d4 Nb7 42. Kd3 Kf3 43. Re3+ Kf2 44. Re2+ Kf1 45. Rc2 Re7 46. Ne5 Nd6 47. g4 Rb7 48. Ke3 Rb1 49. Rf2+ Kg1 1-0

[Event "SVK-chT3B2 1819"]
[Site "Slovakia"]
[Date "2019.01.27"]
[Round "6.4"]
[White "Belak, Stefan"]
[Black "Solovic, Rastislav"]
[Result "1-0"]
[WhiteElo "1828"]
[BlackElo "1815"]
[PlyCount "59"]
[EventDate "2018.10.21"]
[EventType "team-tourn"]
[EventRounds "11"]
[EventCountry "SVK"]
[SourceTitle "CBM 189 Extra"]
[Source "ChessBase"]
[SourceDate "2019.06.03"]
[SourceVersion "1"]
[SourceVersionDate "2019.06.03"]
[SourceQuality "1"]
[WhiteTeam "Povazska Bystrica Sparta"]
[BlackTeam "Nemsova Horne Srnie"]
[WhiteTeamCountry "SVK"]
[BlackTeamCountry "SVK"]

1. d4 d5 2. Nf3 Nf6 3. e3 e6 4. Bd3 c5 5. b3 Nbd7 6. Bb2 b6 7. Nbd2 Bb7 8. 0-0 Qc7 9. Ne5 Nxe5 10. dxe5 Ne4 11. Nxe4 dxe4 12. Bb5+ Bc6 13. Qe2 g6 14. f4 exf3 15. Qxf3 Bxb5 16. Qxa8+ Ke7 17. Qf3 Bxf1 18. Qf6+ Ke8 19. Qxh8 Ba6 20. Qxh7 Qc6 21. Qh3 Qe4 22. Qf3 Qxc2 23. Qa8+ Kd7 24. Qxa7+ Kc6 25. Qxa6 Bh6 26. Qc8+ Kb5 27. Qd7+ Ka6 28. Rd1 Bxe3+ 29. Kh1 Bd4 30. Rf1 1-0

[Event "SVK-chT3B2 1819"]
[Site "Slovakia"]
[Date "2018.12.09"]
[Round "4.4"]
[White "Solovic, Rastislav"]
[Black "Krisko, Milan"]
[Result "1-0"]
[WhiteElo "1815"]
[BlackElo "1788"]
[PlyCount "71"]
[EventDate "2018.10.21"]
[EventType "team-tourn"]
[EventRounds "11"]
[EventCountry "SVK"]
[SourceTitle "CBM 189 Extra"]
[Source "ChessBase"]
[SourceDate "2019.06.03"]
[SourceVersion "1"]
[SourceVersionDate "2019.06.03"]
[SourceQuality "1"]
[WhiteTeam "Nemsova Horne Srnie"]
[BlackTeam "Handlova"]
[WhiteTeamCountry "SVK"]
[BlackTeamCountry "SVK"]

1. e4 e5 2. Nf3 Nc6 3. Bc4 Bc5 4. 0-0 d6 5. c3 Nf6 6. d4 exd4 7. cxd4 Bb4 8. Bxf7+ Kxf7 9. Qb3+ Kf8 10. d5 Bc5 11. dxc6 bxc6 12. e5 Ne4 13. Nc3 Bf5 14. Nxe4 Bxe4 15. Ng5 Bd5 16. Qh3 h6 17. Qf5+ Kg8 18. Ne4 Bxe4 19. Qxe4 d5 20. Qc2 Qe7 21. Re1 Rf8 22. Re2 Kf7 23. b4 Bb6 24. Qxc6 Qe6 25. Qc2 Ke8 26. a4 c6 27. a5 Bc7 28. Be3 Rf5 29. Bxa7 Rxe5 30. Rae1 Kd7 31. Rxe5 Bxe5 32. g3 Qf6 33. Qc5 Qd6 34. Qb6 Qc7 35. Qe3 Re8 36. Bd4 1-0

[Event "SVK-chT3B2 1718"]
[Site "Slovakia"]
[Date "2018.01.07"]
[Round "7.3"]
[White "Krajcovic, Alojz"]
[Black "Solovic, Rastislav"]
[Result "0-1"]
[WhiteElo "1892"]
[BlackElo "1838"]
[PlyCount "92"]
[EventDate "2017.10.08"]
[EventType "team-tourn"]
[EventRounds "11"]
[EventCountry "SVK"]
[SourceTitle "EXT 2019"]
[Source "ChessBase"]
[SourceDate "2018.10.10"]
[SourceVersion "1"]
[SourceVersionDate "2018.10.10"]
[SourceQuality "1"]
[WhiteTeam "Dubnica nad Vahom III"]
[BlackTeam "Nemsova Horne Srnie"]
[WhiteTeamCountry "SVK"]
[BlackTeamCountry "SVK"]

1. e4 e5 2. Nf3 Nc6 3. d4 exd4 4. Nxd4 Qf6 5. Nf3 Bc5 6. Nc3 Nd4 7. Be3 Nxf3+ 8. Qxf3 Bb4 9. Bd2 Qxf3 10. gxf3 Ne7 11. a3 Ba5 12. Bc4 c6 13. h4 d6 14. Ke2 Bc7 15. Rag1 Rg8 16. Bd3 Be6 17. h5 0-0-0 18. Nd1 h6 19. Ne3 Bb6 20. Rg3 Bd4 21. c3 Be5 22. Rg2 Rdf8 23. Nc4 Bxc4 24. Bxc4 d5 25. Bd3 f5 26. Rhg1 f4 27. Rg4 Rf7 28. b4 Rd8 29. c4 dxe4 30. Bxe4 Nf5 31. Be1 Nd6 32. Bg6 Re7 33. Kf1 Nxc4 34. a4 Rd1 35. Ke2 Ra1 36. b5 cxb5 37. axb5 Nd6 38. Bb4 Ra2+ 39. Kf1 Bd4 40. Be4 Rxf2+ 41. Ke1 Rc7 42. Bd2 Nxe4 43. fxe4 Rc2 44. Bxf4 Ra2 45. Kd1 Ra1+ 46. Bc1 Be3 0-1

[Event "SVK-chT5 1718"]
[Site "Slovakia"]
[Date "2017.12.16"]
[Round "5"]
[White "Solovic, Rastislav"]
[Black "Celustkova, Lubica"]
[Result "1/2-1/2"]
[WhiteElo "1851"]
[BlackElo "1718"]
[PlyCount "57"]
[EventDate "2017.10.21"]
[EventType "team-tourn"]
[EventRounds "9"]
[EventCountry "SVK"]
[SourceTitle "EXT 2019"]
[Source "ChessBase"]
[SourceDate "2018.10.10"]
[SourceVersion "1"]
[SourceVersionDate "2018.10.10"]
[SourceQuality "1"]
[WhiteTeam "Myjava Spartak"]
[BlackTeam "Senica III"]
[WhiteTeamCountry "SVK"]
[BlackTeamCountry "SVK"]

1. e4 c5 2. Nf3 Nc6 3. d4 cxd4 4. Nxd4 g6 5. Be3 Bg7 6. c3 Nf6 7. Bd3 0-0 8. Nd2 d5 9. Qc2 Bd7 10. 0-0 Nxd4 11. Bxd4 e5 12. Bxe5 dxe4 13. Nxe4 Nxe4 14. Bxg7 Kxg7 15. Bxe4 Qc7 16. Rad1 Rad8 17. Rd4 Be6 18. Qa4 a6 19. Rfd1 Rxd4 20. Qxd4+ Kg8 21. Bd5 Rd8 22. c4 Qa5 23. a3 b5 24. b4 Qxa3 25. Qb6 Rd7 26. Qb8+ Kg7 27. Qe5+ Kg8 28. Re1 Re7 29. Qb8+ 1/2-1/2

[Event "SVK-chT3B2 1718"]
[Site "Slovakia"]
[Date "2017.11.05"]
[Round "3.3"]
[White "Duda, Daniel"]
[Black "Solovic, Rastislav"]
[Result "0-1"]
[WhiteElo "1553"]
[BlackElo "1838"]
[PlyCount "120"]
[EventDate "2017.10.08"]
[EventType "team-tourn"]
[EventRounds "11"]
[EventCountry "SVK"]
[SourceTitle "EXT 2019"]
[Source "ChessBase"]
[SourceDate "2018.10.10"]
[SourceVersion "1"]
[SourceVersionDate "2018.10.10"]
[SourceQuality "1"]
[WhiteTeam "Dubnica nad Vahom IV"]
[BlackTeam "Nemsova Horne Srnie"]
[WhiteTeamCountry "SVK"]
[BlackTeamCountry "SVK"]

1. d4 d5 2. Nf3 Nf6 3. Bf4 e6 4. e3 Bd6 5. Bg3 Nbd7 6. Bxd6 cxd6 7. Nbd2 0-0 8. Bd3 Re8 9. 0-0 e5 10. dxe5 dxe5 11. Bb5 Qb6 12. Ba4 Qxb2 13. Bb3 Qa3 14. c4 e4 15. Nd4 dxc4 16. Nxc4 Qc5 17. Rc1 Ne5 18. Nd2 Qa5 19. Qc2 Ng6 20. Qc4 Rf8 21. Rfd1 Qg5 22. Qc7 Bh3 23. Qg3 Qxg3 24. hxg3 Bg4 25. Re1 Rac8 26. Nb5 Rxc1 27. Rxc1 Rd8 28. Nc4 a6 29. Nd4 h6 30. Na5 Rd7 31. Ba4 b5 32. Bb3 Ra7 33. Rc5 Bd7 34. Nf5 Bxf5 35. Rxf5 Rc7 36. f3 Kh7 37. fxe4 Rc1+ 38. Kf2 Nxe4+ 39. Kf3 Nd2+ 40. Ke2 Nxb3 41. axb3 f6 42. Rd5 Ne5 43. Kd2 Ra1 44. Nb7 Ra2+ 45. Kc3 Rxg2 46. Rd6 Rxg3 47. Kd4 h5 48. Rxa6 Ng4 49. e4 Rxb3 50. Nc5 Rb4+ 51. Kd5 h4 52. Ke6 Kg6 53. Ra2 h3 54. Ra1 h2 55. Nd7 Rxe4+ 56. Kd5 Re2 57. Nf8+ Kf7 58. Nd7 Rg2 59. Nc5 Rg1 60. Ra7+ Kg6 0-1

[Event "SVK-chT5 1718"]
[Site "Slovakia"]
[Date "2017.11.04"]
[Round "2"]
[White "Solovic, Rastislav"]
[Black "Kastler, Peter"]
[Result "1/2-1/2"]
[WhiteElo "1851"]
[BlackElo "1740"]
[PlyCount "138"]
[EventDate "2017.10.21"]
[EventType "team-tourn"]
[EventRounds "9"]
[EventCountry "SVK"]
[SourceTitle "EXT 2019"]
[Source "ChessBase"]
[SourceDate "2018.10.10"]
[SourceVersion "1"]
[SourceVersionDate "2018.10.10"]
[SourceQuality "1"]
[WhiteTeam "Myjava Spartak"]
[BlackTeam "Gbely Nafta IV"]
[WhiteTeamCountry "SVK"]
[BlackTeamCountry "SVK"]

1. e4 e6 2. d4 d5 3. exd5 exd5 4. Bd3 Nf6 5. Bf4 Bd6 6. Ne2 0-0 7. 0-0 Re8 8. Nbc3 c6 9. Qd2 Bg4 10. Rfe1 Qc7 11. Bxd6 Qxd6 12. Ng3 Nbd7 13. h3 Bh5 14. a3 Bg6 15. Bxg6 hxg6 16. b3 Nf8 17. a4 Ne6 18. Nce2 Re7 19. c3 Rae8 20. Nc1 Nf4 21. Rxe7 Rxe7 22. Nd3 Nxd3 23. Qxd3 Ne4 24. Nxe4 Rxe4 25. b4 Qe7 26. Kf1 Qd6 27. g3 Qf6 28. Kg2 Qe6 29. Ra2 Re1 30. a5 f5 31. h4 a6 32. Qf3 Qe4 33. Qxe4 Rxe4 34. Rd2 Kf7 35. Kf3 Kf6 36. Rd1 Re8 37. Rh1 Re4 38. Rg1 Re8 39. g4 Re4 40. Rg3 Kf7 41. gxf5 gxf5 42. Rh3 g6 43. Rh1 Kg7 44. h5 g5 45. Kg3 Rg4+ 46. Kf3 Rf4+ 47. Kg3 Rg4+ 48. Kf3 Kh6 49. Re1 Re4 50. Rh1 Rh4 51. Re1 Kxh5 52. Re7 Rh3+ 53. Kg2 Rxc3 54. Rxb7 Rc4 55. Rb6 Rxd4 56. Rxa6 Rxb4 57. Rxc6 Kg4 58. Rd6 d4 59. a6 Ra4 60. a7 Rxa7 61. Rxd4+ f4 62. Rb4 Re7 63. Ra4 Re5 64. Rb4 Kf5 65. Rb8 Kg4 66. Rb4 Kh4 67. Kf3 Rf5 68. Rb8 Kh5 69. Rh8+ Kg6 1/2-1/2

[Event "SVK-chT3B2 1718"]
[Site "Slovakia"]
[Date "2017.10.22"]
[Round "2.2"]
[White "Kurtulik, Andrej"]
[Black "Solovic, Rastislav"]
[Result "0-1"]
[WhiteElo "1801"]
[BlackElo "1838"]
[PlyCount "174"]
[EventDate "2017.10.08"]
[EventType "team-tourn"]
[EventRounds "11"]
[EventCountry "SVK"]
[SourceTitle "EXT 2019"]
[Source "ChessBase"]
[SourceDate "2018.10.10"]
[SourceVersion "1"]
[SourceVersionDate "2018.10.10"]
[SourceQuality "1"]
[WhiteTeam "Prievidza II"]
[BlackTeam "Nemsova Horne Srnie"]
[WhiteTeamCountry "SVK"]
[BlackTeamCountry "SVK"]

1. e4 e5 2. Nf3 Nc6 3. Nc3 Nf6 4. Bb5 Bb4 5. 0-0 Bxc3 6. dxc3 0-0 7. Re1 d6 8. Bg5 h6 9. Bh4 Be6 10. h3 a6 11. Ba4 Na5 12. Nd2 b5 13. Bb3 c5 14. Bxe6 fxe6 15. Re3 Qb6 16. Rf3 Nh7 17. Rxf8+ Rxf8 18. Qg4 d5 19. Re1 Rf4 20. Qg3 Nf6 21. Bxf6 Rxf6 22. Qxe5 c4 23. Qd4 Qd8 24. exd5 exd5 25. Re5 Rd6 26. Qe3 Qd7 27. Re7 Qf5 28. Qg3 Qf6 29. Re3 Nc6 30. Nf3 d4 31. cxd4 Nxd4 32. Nxd4 Rxd4 33. Qb8+ Rd8 34. Re8+ Rxe8 35. Qxe8+ Kh7 36. Qe4+ Kh8 37. c3 Qd6 38. Qd4 Qg6 39. Qd1 Qe4 40. Kf1 Kh7 41. f3 Qe3 42. Qe2 Qb6 43. b3 cxb3 44. axb3 a5 45. c4 bxc4 46. Qxc4 Qd8 47. Ke2 Qg5 48. Qe4+ Kh8 49. f4 Qb5+ 50. Qc4 Qe8+ 51. Kf2 Qf8 52. Kf3 Qa3 53. f5 Qa1 54. Qc8+ Kh7 55. Qc2 Kg8 56. Kf2 Qe5 57. Qd3 Qa1 58. g4 Kf7 59. h4 Qe5 60. Kf3 Qa1 61. Kf4 Qc1+ 62. Qe3 Qc7+ 63. Kf3 Qc6+ 64. Kg3 Qd6+ 65. Kh3 Qd5 66. Qc3 Qb5 67. g5 Qxf5+ 68. Kg3 hxg5 69. Qc4+ Kg6 70. hxg5 Qxg5+ 71. Kf3 Qf6+ 72. Ke3 Qe5+ 73. Kd3 Qg3+ 74. Kc2 Qf2+ 75. Kc3 Qe3+ 76. Kb2 Qd2+ 77. Ka3 Kh5 78. Ka4 Qb4+ 79. Qxb4 axb4 80. Kxb4 g5 81. Kc4 g4 82. Kd3 Kh4 83. Ke2 Kh3 84. b4 g3 85. b5 g2 86. Kd3 g1Q 87. Kc4 Qb6 0-1

[Event "SVK-chT3B2 1617"]
[Site "Slovakia"]
[Date "2017.03.19"]
[Round "10.2"]
[White "Bielik, Peter"]
[Black "Solovic, Rastislav"]
[Result "0-1"]
[WhiteElo "1831"]
[BlackElo "1807"]
[PlyCount "76"]
[EventDate "2016.10.16"]
[EventType "team-tourn"]
[EventRounds "11"]
[EventCountry "SVK"]
[SourceTitle "EXT 2020"]
[Source "ChessBase"]
[SourceDate "2019.10.17"]
[SourceVersion "1"]
[SourceVersionDate "2019.10.17"]
[SourceQuality "1"]
[WhiteTeam "Povazske Podhradie II"]
[BlackTeam "Myjava Spartak"]
[WhiteTeamCountry "SVK"]
[BlackTeamCountry "SVK"]

1. d4 d5 2. c4 e6 3. Nf3 Nf6 4. Bg5 h6 5. Bh4 Be7 6. Nc3 0-0 7. e3 b6 8. Be2 Bb7 9. 0-0 Nbd7 10. Rc1 c5 11. b3 dxc4 12. bxc4 Ne4 13. Bxe7 Qxe7 14. Nxe4 Bxe4 15. Nd2 Bb7 16. Bf3 Nf6 17. Qb3 cxd4 18. exd4 Rfd8 19. Bxb7 Qxb7 20. Nf3 Rac8 21. a4 Rc7 22. Rfd1 Rdc8 23. Ne5 Nd5 24. Nd3 Ne7 25. Ne5 Qe4 26. f3 Qf5 27. Nd3 Nc6 28. Nb4 Na5 29. Qc2 Qxc2 30. Rxc2 Rxc4 31. Rdc1 Rxc2 32. Rxc2 Rxc2 33. Nxc2 Nb3 34. Kf2 Kf8 35. Ke2 Ke7 36. Kd3 Kd6 37. Kc4 Na5+ 38. Kd3 a6 0-1

[Event "SVK-chT3B2 1516"]
[Site "Slovakia"]
[Date "2015.11.15"]
[Round "2.3"]
[White "Zahorcek, Jakub"]
[Black "Solovic, Rastislav"]
[Result "1-0"]
[WhiteElo "1500"]
[BlackElo "1824"]
[PlyCount "43"]
[EventDate "2015.10.11"]
[EventType "team-tourn"]
[EventRounds "11"]
[EventCountry "SVK"]
[SourceTitle "CBM 170 Extra"]
[Source "ChessBase"]
[SourceDate "2016.02.25"]
[SourceVersion "1"]
[SourceVersionDate "2016.02.25"]
[SourceQuality "1"]
[WhiteTeam "Dubnica nad Vahom IV"]
[BlackTeam "Myjava Spartak"]
[WhiteTeamCountry "SVK"]
[BlackTeamCountry "SVK"]

1. e4 e5 2. Nf3 Nf6 3. Nc3 Nc6 4. Bc4 Nxe4 5. Bxf7+ Kxf7 6. Nxe4 d5 7. Nc3 e4 8. Ng1 Bf5 9. f3 Bb4 10. fxe4 Bxc3 11. exf5 Qh4+ 12. g3 Qe4+ 13. Kf1 Qxh1 14. dxc3 Rhe8 15. Qh5+ Kg8 16. Bf4 Re4 17. f6 Rxf4+ 18. gxf4 Rf8 19. Re1 Rxf6 20. Re8+ Rf8 21. Qe2 Nd8 22. Qe7 1-0